<?xml version="1.0" encoding="UTF-8"?>
<record
    xmlns:xsi="http://www.w3.org/2001/XMLSchema-instance"
    xsi:schemaLocation="http://www.loc.gov/MARC21/slim http://www.loc.gov/standards/marcxml/schema/MARC21slim.xsd"
    xmlns="http://www.loc.gov/MARC21/slim">

  <leader>01395nam a22003497a 4500</leader>
  <datafield tag="999" ind1=" " ind2=" ">
    <subfield code="c">942</subfield>
    <subfield code="d">942</subfield>
  </datafield>
  <controlfield tag="003">AR-BeUNQ</controlfield>
  <controlfield tag="005">20231004174555.0</controlfield>
  <controlfield tag="008">230824s2023    ag a|||| |||| 00| 0 spa d</controlfield>
  <datafield tag="020" ind1=" " ind2=" ">
    <subfield code="a">9789871696369</subfield>
  </datafield>
  <datafield tag="040" ind1=" " ind2=" ">
    <subfield code="a">AR-BeUNQ</subfield>
    <subfield code="b">spa</subfield>
    <subfield code="e">aacr</subfield>
  </datafield>
  <datafield tag="041" ind1=" " ind2=" ">
    <subfield code="h">spa</subfield>
  </datafield>
  <datafield tag="044" ind1=" " ind2=" ">
    <subfield code="a">ag</subfield>
  </datafield>
  <datafield tag="082" ind1=" " ind2=" ">
    <subfield code="a">321.8</subfield>
    <subfield code="2">21</subfield>
  </datafield>
  <datafield tag="100" ind1="1" ind2=" ">
    <subfield code="9">4328</subfield>
    <subfield code="a">Repiso, Jorge,</subfield>
    <subfield code="d">1964-</subfield>
  </datafield>
  <datafield tag="245" ind1="1" ind2="0">
    <subfield code="a">Postales :</subfield>
    <subfield code="b"> 40 a&#xF1;os de Democracia  /</subfield>
    <subfield code="c">Jorge Repiso, Rep</subfield>
  </datafield>
  <datafield tag="250" ind1=" " ind2=" ">
    <subfield code="a">1a ed,</subfield>
  </datafield>
  <datafield tag="260" ind1=" " ind2=" ">
    <subfield code="a">Ciudad Aut&#xF3;noma de Buenos Aires :</subfield>
    <subfield code="b">Comisi&#xF3;n Nacional de Bibliotecas Populares, </subfield>
    <subfield code="c">2023.</subfield>
  </datafield>
  <datafield tag="300" ind1=" " ind2=" ">
    <subfield code="a">[16] p. :</subfield>
    <subfield code="b">il.col. ;</subfield>
    <subfield code="c">15 x 21 cm.</subfield>
  </datafield>
  <datafield tag="490" ind1="1" ind2=" ">
    <subfield code="a">Colecci&#xF3;n 40 a&#xF1;os de democracia (CONABIP)</subfield>
  </datafield>
  <datafield tag="530" ind1=" " ind2=" ">
    <subfield code="a">Tambi&#xE9;n disponible en l&#xED;nea (pdf).</subfield>
  </datafield>
  <datafield tag="650" ind1=" " ind2=" ">
    <subfield code="a">Democracia</subfield>
    <subfield code="2">spines</subfield>
  </datafield>
  <datafield tag="650" ind1=" " ind2=" ">
    <subfield code="a">Derechos Humanos</subfield>
    <subfield code="2">spines</subfield>
  </datafield>
  <datafield tag="650" ind1=" " ind2=" ">
    <subfield code="a">Historia argentina</subfield>
    <subfield code="2">tha</subfield>
  </datafield>
  <datafield tag="700" ind1="0" ind2=" ">
    <subfield code="4">il</subfield>
    <subfield code="9">4326</subfield>
    <subfield code="a">Rep,</subfield>
    <subfield code="d">1961-</subfield>
    <subfield code="e">il.</subfield>
  </datafield>
  <datafield tag="830" ind1=" " ind2=" ">
    <subfield code="9">4377</subfield>
    <subfield code="a">Colecci&#xF3;n 40 a&#xF1;os de democracia (CONABIP)</subfield>
  </datafield>
  <datafield tag="856" ind1=" " ind2=" ">
    <subfield code="u">https://www.conabip.gob.ar/sites/default/files/Libro%201_HIST_%20REP.pdf</subfield>
  </datafield>
  <datafield tag="929" ind1=" " ind2=" ">
    <subfield code="a">DONACION</subfield>
    <subfield code="b">Luciana Noguez S&#xF6;rensen</subfield>
    <subfield code="d">500,00</subfield>
    <subfield code="e">20230717</subfield>
    <subfield code="f">PAT0080168</subfield>
    <subfield code="h">1</subfield>
    <subfield code="j">61444</subfield>
  </datafield>
  <datafield tag="929" ind1=" " ind2=" ">
    <subfield code="a">DONACION</subfield>
    <subfield code="b">Luciana Noguez S&#xF6;rensen</subfield>
    <subfield code="d">500,00</subfield>
    <subfield code="e">20230717</subfield>
    <subfield code="f">PAT0080169</subfield>
    <subfield code="j">61445</subfield>
    <subfield code="h">2</subfield>
  </datafield>
  <datafield tag="929" ind1=" " ind2=" ">
    <subfield code="a">DONACION</subfield>
    <subfield code="b">Luciana Noguez S&#xF6;rensen</subfield>
    <subfield code="d">500,00</subfield>
    <subfield code="e">20230717</subfield>
    <subfield code="f">PAT0080170</subfield>
    <subfield code="j">61446</subfield>
    <subfield code="h">3</subfield>
  </datafield>
  <datafield tag="929" ind1=" " ind2=" ">
    <subfield code="a">DONACION</subfield>
    <subfield code="b">Luciana Noguez S&#xF6;rensen</subfield>
    <subfield code="d">500,00</subfield>
    <subfield code="e">20230717</subfield>
    <subfield code="f">PAT0080171</subfield>
    <subfield code="j">61447</subfield>
    <subfield code="h">4</subfield>
  </datafield>
  <datafield tag="942" ind1=" " ind2=" ">
    <subfield code="c">LIB</subfield>
    <subfield code="n">0</subfield>
  </datafield>
  <datafield tag="952" ind1=" " ind2=" ">
    <subfield code="0">0</subfield>
    <subfield code="1">0</subfield>
    <subfield code="a">BIBESET</subfield>
    <subfield code="b">BIBESET</subfield>
    <subfield code="c">sala</subfield>
    <subfield code="d">2023-08-24</subfield>
    <subfield code="l">0</subfield>
    <subfield code="o">321.8 REP</subfield>
    <subfield code="p">61444</subfield>
    <subfield code="r">2023-08-24</subfield>
    <subfield code="t">1</subfield>
    <subfield code="w">2023-08-24</subfield>
    <subfield code="y">LIB</subfield>
    <subfield code="k">GS</subfield>
  </datafield>
  <datafield tag="952" ind1=" " ind2=" ">
    <subfield code="0">0</subfield>
    <subfield code="1">0</subfield>
    <subfield code="a">BIBESET</subfield>
    <subfield code="b">BIBESET</subfield>
    <subfield code="c">circulacion</subfield>
    <subfield code="d">2023-08-24</subfield>
    <subfield code="l">0</subfield>
    <subfield code="o">321.8 REP</subfield>
    <subfield code="p">61445</subfield>
    <subfield code="r">2023-08-24</subfield>
    <subfield code="t">2</subfield>
    <subfield code="w">2023-08-24</subfield>
    <subfield code="y">LIB</subfield>
    <subfield code="k">GS</subfield>
  </datafield>
  <datafield tag="952" ind1=" " ind2=" ">
    <subfield code="0">0</subfield>
    <subfield code="1">0</subfield>
    <subfield code="a">BIBESET</subfield>
    <subfield code="b">BIBESET</subfield>
    <subfield code="c">circulacion</subfield>
    <subfield code="d">2023-08-24</subfield>
    <subfield code="l">0</subfield>
    <subfield code="o">321.8 REP</subfield>
    <subfield code="p">61446</subfield>
    <subfield code="r">2023-08-24</subfield>
    <subfield code="t">3</subfield>
    <subfield code="w">2023-08-24</subfield>
    <subfield code="y">LIB</subfield>
    <subfield code="k">GS</subfield>
  </datafield>
  <datafield tag="952" ind1=" " ind2=" ">
    <subfield code="0">0</subfield>
    <subfield code="1">0</subfield>
    <subfield code="a">BIBESET</subfield>
    <subfield code="b">BIBESET</subfield>
    <subfield code="c">circulacion</subfield>
    <subfield code="d">2023-08-24</subfield>
    <subfield code="l">0</subfield>
    <subfield code="o">321.8 REP</subfield>
    <subfield code="p">61447</subfield>
    <subfield code="r">2023-08-24</subfield>
    <subfield code="t">4</subfield>
    <subfield code="w">2023-08-24</subfield>
    <subfield code="y">LIB</subfield>
    <subfield code="k">GS</subfield>
  </datafield>
</record>
